| 000 | 00667nam a22002055a 4500 | ||
|---|---|---|---|
| 005 | 20161204110422.0 | ||
| 008 | 161204t2015 ii a frb 000 0 eng d | ||
| 020 | _a9788183213745 | ||
| 040 |
_aEG-ScBUE _beng _cEG-ScBUE _dEG-ScBUE |
||
| 082 | 0 | 4 |
_222 _a640 _bMEH |
| 100 | 1 | _aMehta, Jaishree. | |
| 245 | 1 | 0 |
_aText book of family resource management / _cJaishree Mehta. |
| 260 |
_aUdaipur : _bAgrotech Publishing Academy, _cc.2015. |
||
| 300 |
_a264 p. : _bill. ; _c24 cm. |
||
| 504 | _aBibliography : p. 263-264. | ||
| 650 | 7 |
_2BUEsh _919318 _aFamilies _xStudy and teaching. |
|
| 650 | 7 |
_2BUEsh _aFamily life education. |
|
| 653 |
_bBUSADM _cDecember2016 |
||
| 942 | _2ddc | ||
| 999 |
_c23426 _d23398 |
||